000 00510nam a2200145 4500
001 108670
003 ES-MaACL
007 t|
008 061121s1974 sp r ||||1| spa d
100 1 _aMonserrat, Javier.
_982297
245 1 0 _aExistencia, mundanidad, cristianismo
_b: introducción filosófico-antropológica a la teología fundamental /
_cJavier Monserrat.
260 _aMadrid :
_bInstituto de Filosofía Luis Vives,
_c1974.
300 _aXXXIII, 735 p. ;
_c24 cm.
852 _aES-MaACL
_jE-9368
_bR.93869
999 _c108670
_d108670